Actors Nominated for Oscars in Five Decades - Statistics

General Stats
  • This quiz has been taken 533 times
    52 since last reset
  • The average score is 5 of 9
Answer Stats
Life Decades Nominated Actor/Actress % Correct
1949– 1970s, 1980s, 1990s, 2000s, 2010s Meryl Streep
85%
1937– 1960s, 1970s, 1980s, 1990s, 2000s Jack Nicholson
83%
1943– 1970s, 1980s, 1990s, 2010s, 2020s Robert De Niro
76%
1907–2003 1930s, 1940s, 1950s, 1960s, 1980s Katharine Hepburn
65%
1925–2008 1950s, 1960s, 1980s, 1990s, 2000s Paul Newman
46%
1954– 1980s, 1990s, 2000s, 2010s, 2020s Denzel Washington
37%
1907–1989 1930s, 1940s, 1950s, 1960s, 1970s Laurence Olivier
35%
1933– 1960s, 1970s, 1980s, 1990s, 2000s Michael Caine
26%
1957– 1980s, 1990s, 2000s, 2010s, 2020s Frances McDormand
22%
No matching quizzes found
Score Distribution
Percent of People with Each Score
Percentile by Number Answered
Your Score History
You have not taken this quiz since the last reset